| 000 | 01107nam a2200265 i 4500 | ||
|---|---|---|---|
| 001 | 183856 | ||
| 003 | ES-MaACL | ||
| 005 | 20250804105439.0 | ||
| 008 | 210819s2012 sp | |||||||| |dspa d | ||
| 020 | _a978-84-9948-654-3 | ||
| 080 | _a821.134.2(460.315)-1"19"(082.2) | ||
| 245 | 0 | 0 |
_aTres poetas alicantinos _b: Miguel Hernández, Vicente Mojica, Alfredo Gómez Gil / _c[antólogo] Luis Español Bouché. |
| 260 |
_aSan Vicente [del Raspeig] (Alicante) : _bClub Universitario, _c[2012] |
||
| 300 |
_a364 p. ; _c24 cm. |
||
| 504 | _aReferencias bibliográficas. | ||
| 650 | 7 |
_aPoesías españolas- _zAlicante (Provincia) _9155809 |
|
| 700 | 1 |
_aEspañol Bouché, Luis, _d1964- _947768 |
|
| 700 | 1 |
_aHernández, Miguel, _d1910-1942 _962844 |
|
| 700 | 1 |
_aMojica, Vicente. _981827 |
|
| 700 | 0 |
_aGómez Gil, Alfredo, _d1936- _957969 |
|
| 852 |
_aES-MaACL _jA-13287 _9190812 _bR.150166 _cDEPO1 _dOlim: N-6287 _gDedicatoria autógrafa del autor _hDonación: Luis Español Bouché |
||
| 903 |
_aEspañol Bouché, Luis, _d1964- _ednr _947768 |
||
| 942 |
_2udc _cMONOGRAFIA |
||
| 999 |
_c183856 _d183856 |
||